MARC

LEADER 00000nam0a2200000 4500
001 330548
005 20231102004254.0
035 |a (RuTPU)RU\TPU\book\356322 
090 |a 330548 
100 |a 20170406d1979 km y0rusy50 ca 
101 1 |a rus  |c cze 
102 |a RU 
105 |a a z 001zy 
200 1 |a Производство точных отливок  |d Vyroba presnych odlitku  |e пер. с чеш.  |f И. Дошкарж [и др.] 
210 |a Москва  |c Машиностроение  |d 1979 
215 |a 296 с.  |c ил. 
320 |a Библиография в конце глав 
510 1 |a Vyroba presnych odlitku  |z cze 
606 1 |a Литье точное  |2 stltpush  |3 (RuTPU)RU\TPU\subj\40497  |9 60343 
610 1 |a точные отливки 
610 1 |a производство 
610 1 |a пресс-формы 
610 1 |a модельные материалы 
610 1 |a керамические формы 
610 1 |a керамические стержни 
610 1 |a сплавы 
610 1 |a плавка 
610 1 |a заливка 
610 1 |a дефекты 
610 1 |a оборудование 
610 1 |a контроль 
675 |a 621.74.045  |v 4 
701 1 |a Дошкарж  |b И.  |g Иозеф 
701 1 |a Габриель  |b Я.  |g Ян 
701 1 |a Гоушть  |b М.  |g Мирослав 
701 1 |a Павелка  |b М.  |g Мирослав 
801 1 |a RU  |b 63413507  |c 20170406 
801 2 |a RU  |b 63413507  |c 20170410  |g RCR 
942 |c BK